| 000 | 01188nam0a22002891 4500 | ||
|---|---|---|---|
| 001 | rc\3796196 | ||
| 005 | 20260407074223.0 | ||
| 021 |
_aRU _bРг3812-76 |
||
| 035 | _a(NLR Aleph) 007244201 | ||
| 090 |
_a7765996 _c7765996 |
||
| 100 | _a20120311d1975 |||y0rusy50 ca | ||
| 101 | 0 | _arus | |
| 102 | _aRU | ||
| 105 | _aa b ||||| | ||
| 200 | 1 |
_aБыстродействующий выключатель типа БВ3-10 _eКаталог _fИзготовитель: Тбил. электровозостроит. з-д им. В.И. Ленина |
|
| 210 |
_aМосква _cБ. и. _d[1975] |
||
| 215 |
_a[2] с. _cил. _d29 |
||
| 225 | 1 |
_aИнформэлектро _v02.09.06-75 |
|
| 309 | _aБез тит. л. и обл. | ||
| 517 | 0 | _aБыстродействующий выключатель БВ3-10 | |
| 532 | 1 | 1 | _aБыстродействующий выключатель типа БВ3-десять |
| 712 | 0 | 2 |
_aТбилисский электровозостроительный завод им. В. И. Ленина _9575309 _3RU\NLR\AUTH\8810038234 |
| 801 | 0 |
_aRU _bNLR _gpsbo |
|
| 801 | 1 |
_aRU _bELAR _2rusmarc |
|
| 852 |
_aNLR _jПт 20/1-02.09.06-75 |
||
| 942 | _cBOOK | ||
| 980 | _aNB | ||